000 01025nam a2200253 a 4500
001 78540
003 BD-RjUL
005 20211209083136.0
008 211003s2006 bg ||||| m||| 00| 0 eng d
035 _a(BD-RjUL)78766
040 _aBD-RjUL
_beng
_cBD-RjUL
_dBD-RjUL
041 _aeng
082 _a181.4
_bJAR 2006
_223
100 _aJabbar, Md. Abdul
_9248818
245 1 0 _aRaja Rammohan Roy and Sir Syed Ahmed Khan :
_bA Comparative study of Philosophical Thoughts /
_cMd. Abdul Jabbar ;
_6Supervisor : Md. Abdul Haye Talukder
260 _aRajshahi :
_bDepartment of Philosophy, University of Rajshahi,
_c2006
300 _axiv, 341 Leaves ;
_c29 cm.
502 _aThesis (Ph. D.) -- Department of Philosophy, University of Rajshahi, 2006
504 _aBibliography : Leaves [314]-342
600 _aRoy, Raja Rammohun,
_d1772-1833
_xPhilosophy.
_9248954
600 _aK̲h̲ān̲, Sir Sayyid Aḥmad,
_d1817-1898.
_cPhilosophy.
_9248955
700 _aTalukder, Md. Abdul Haye, Supervisor
_9248820
942 _2ddc
_cTHE
999 _c78540
_d78540